Reforma universitaria de 1918 /

Principales causas que contribuyeron a la reforma universitaria de 1918. Recorrido por sus principales postulados: Igualdad, gratuidad, democratización, co-gobierno, concursos, extensión universitaria, etc.

Guardado en:
Autor Corporativo: Universidad Nacional de San Luis.
Formato: Deslizar
Materias:
Etiquetas: Agregar Etiqueta
Sin Etiquetas, Sea el primero en etiquetar este registro!
LEADER 01101ngm a22002775g 4500
001 CEM.cems022609
008 130507b2001##################0###0#####d
005 20241111145655.0
245 1 0 |a Reforma universitaria de 1918 /  |c Universidad Nacional de San Luis. 
300 |a 12'. 
500 |a En soporte VHS, consultar en ventanilla. 
520 |a Principales causas que contribuyeron a la reforma universitaria de 1918. Recorrido por sus principales postulados: Igualdad, gratuidad, democratización, co-gobierno, concursos, extensión universitaria, etc. 
538 |a Soporte: VHS - Norma: Pal N - Color: Si - Grabación DRD 2001 - Hitachi=4830 
110 2 |a Universidad Nacional de San Luis. 
082 9 8 |/ UBA-3 
653 |a HISTORIA 
653 |a HISTORIA ARGENTINA 
653 |a HISTORIA CONTEMPORANEA 
653 |a EDUCACION 
653 |a EDUCACION PUBLICA 
653 |a ENSE¥ANZA LIBRE 
653 |a REFORMA UNIVERSITARIA 
653 |a UNIVERSIDAD 
653 |a NIVEL PRIMARIO 
653 |a NIVEL SECUNDARIO 
859 |a CEMS  |b BIB. CEMS - Depto. Recursos Didacticos  |h 982  |i UBA-3  |k DRD  |p 1252.12  |t Ej.1